| 000 | 00503nam a2200193Ia 4500 | ||
|---|---|---|---|
| 008 | 151119s9999||||xx |||||||||||||| ||und|| | ||
| 082 | _a891.461 | ||
| 082 | _bGKKV31308 | ||
| 100 | _a"बापट, वसंत" | ||
| 245 | _aशततारका | ||
| 260 | _aमुंबई | ||
| 260 | _b- | ||
| 260 | _c2008 | ||
| 600 | _a"बापट, वसंत" | ||
| 630 | _aशततारका | ||
| 700 | _a"बापट, वसंत" | ||
| 730 | _aशततारका | ||
| 942 | _cBOOK | ||
| 999 |
_c1083629 _d1083626 |
||